| 000 | 00390pab a2200145 454500 | ||
|---|---|---|---|
| 008 | 180718b2000 xxu||||| |||| 00| 0 eng d | ||
| 100 | _aNair, Tara S. | ||
| 245 | _aRural financial intermediation and commercial banks: review of recent trends | ||
| 260 | _c2000 | ||
| 300 | _ap.299-306 | ||
| 362 | _a29 Jan | ||
| 650 | _aBanks | ||
| 773 | _aEconomic and Political Weekly | ||
| 909 | _a43866 | ||
| 999 |
_c43866 _d43866 |
||